Hot, Flat and Crowded (Record no. 587)

000 -LEADER
fixed length control field 00691nam a22002417a 4500
003 - CONTROL NUMBER IDENTIFIER
control field OSt
005 - DATE AND TIME OF LATEST TRANSACTION
control field 20210420110839.0
008 - FIXED-LENGTH DATA ELEMENTS--GENERAL INFORMATION
fixed length control field 201214s2009 ||||| |||| 00| 0 eng d
020 ## - INTERNATIONAL STANDARD BOOK NUMBER
International Standard Book Number 9780312428921
020 ## - INTERNATIONAL STANDARD BOOK NUMBER
International Standard Book Number 0312428928
040 ## - CATALOGING SOURCE
Original cataloging agency eng
Language of cataloging eng
Transcribing agency DLC
Modifying agency eng
041 ## - LANGUAGE CODE
Language code of text/sound track or separate title eng
080 ## - UNIVERSAL DECIMAL CLASSIFICATION NUMBER
Universal Decimal Classification number 32
Item number F-92
100 ## - MAIN ENTRY--PERSONAL NAME
9 (RLIN) 477
Personal name Friedman, L. Thomas
245 ## - TITLE STATEMENT
Title Hot, Flat and Crowded
Remainder of title : Why We Need a Green Revolution and How It Can Renew America / Release 2.0 Updated and Expanded
250 ## - EDITION STATEMENT
Edition statement Picador Edition
260 ## - PUBLICATION, DISTRIBUTION, ETC.
Place of publication, distribution, etc. New York
Name of publisher, distributor, etc. Picador Edition
Date of publication, distribution, etc. 2009
300 ## - PHYSICAL DESCRIPTION
Extent 516 p.
Other physical details ill.
365 ## - TRADE PRICE
Price amount 16 usd
650 #0 - SUBJECT ADDED ENTRY--TOPICAL TERM
9 (RLIN) 443
Topical term or geographic name entry element Politics
653 ## - INDEX TERM--UNCONTROLLED
Uncontrolled term პოლიტიკა
942 ## - ADDED ENTRY ELEMENTS (KOHA)
Source of classification or shelving scheme
Koha item type Books
Holdings
Withdrawn status Lost status Source of classification or shelving scheme Damaged status Not for loan Permanent location Current location Date acquired Inventory number Total Checkouts Full call number Barcode Date last seen Price effective from Koha item type
          Ken Walker International University Ken Walker International University 12/14/2020 789   32 F-92 789 12/14/2020 12/14/2020 Books

Powered by Koha